Jonathan's General Knowledge #13 - Statistics

General Stats
  • This quiz has been taken 781 times
    778 since last reset
  • The average score is 7 of 20
Answer Stats
# Hint Answer % Correct
5 The headquarters of the British government are found in which street? Downing Street
73%
14 Which calendar predicted the end of the world in 2012? Mayan
68%
9 In which building was Anne Boleyn beheaded? Tower of London
68%
10 Which band did Paul McCartney form in 1971 with his wife Linda? Wings
66%
6 Who did Pope Francis succeed in 2013? Benedict XVI
54%
17 Complete the song lyric : 'I am a rock, I am _ __' an island
45%
4 In George W. Bush's name, what does the W stand for? Walker
44%
20 In 2015, Je suis Charlie became a popular slogan of support for which satirical magazine? Charlie Hebdo
40%
16 Trigger and Del Boy were characters in which British comedy show? Only Fools And Horses
36%
2 Who won her first of a record nine Golden Raspberries for Shanghai Surprise in 1986? Madonna
32%
12 The NLL is a professional competition in which sport? Lacrosse
28%
15 Along with French, German and Italian, what is the fourth official language of Switzerland? Romansh
24%
19 Who was the only American president to serve nonconsecutive terms? Grover Cleveland
23%
1 Tampere, Tornio and Turku are cities in which country? Finland
22%
3 How many ounces are in one US gallon? 128
20%
8 Who wrote and directed the film Blue Velvet in 1986? David Lynch
20%
11 On which river will you find Niagara Falls? Niagara River
20%
18 In Greek mythology, who was the father of Zeus? Cronus
17%
13 Kathy Griffin took over as presenter of which TV show in 2014 after Joan Rivers' death? Fashion Police
17%
7 In which city will you find the world famous Ellis Park stadium? Johannesburg
11%
No matching quizzes found
Score Distribution
Percent of People with Each Score
Percentile by Number Answered
Your Score History
You have not taken this quiz since the last reset